000 00320 a2200133 4500
001 92118
082 _a891.4393 YAH
090 _c44082
_d44081
100 _aBaba Muhammad Yahya Khan
245 _aKajal Kotha
260 _aLahore
_bSang e Meel Publications
_c2014
300 _a968p.
_bHb
500 _aGeneral Book
942 _aCAE NUST
_k891.4393 YAH
999 _c327191
_d327191